Responses for Show #5709 - Thursday, June 4, 2009

Contestants

[<< previous game]

Andrew Schwartz, an independent filmmaker from Miami, Florida

Nikki Egan, a cable news producer from New York, New York

Harris Cohen, a family physician from Lower Gwynedd, Pennsylvania (whose 2-day cash winnings total $17,800)

[next game >>]

Jeopardy! Round responses

NOT HARD AT ALL
EASY STREET
CHILD'S PLAY
DUCK! SOUP
IN THE BAG
IT'S A "SNAP"
    $200 16
(Nikki: What is salt?)

sodium

HarrisNikki
    $200 18
Rodeo Drive

Harris
    $200 11
Peter Pan

Harris
    $200 26
borscht

Nikki
    $200 6
tea

Harris
    $200 1
snapdragon

Nikki
    $400 17
marrow

Nikki
    $400 19
Park Avenue

Nikki
    $400 12
The Miracle Worker

Nikki
    $400 27
bouillon

Triple Stumper
    $400 7
a kilt

Nikki
    $400 2
red snapper

Nikki
    $600 23
lead

Andrew
    $2,000 20
the Champs-Élysées

Nikki
    $600 13
Oliver!

Nikki
    $600 28
albondigas

Triple Stumper
    $600 8
carpetbaggers

Nikki
    $600 3
Snapple

Harris
    $800 24
(Nikki: What is teak?)

cedar

Nikki
Triple Stumper
    $800 21
Michigan Avenue

Harris
    $800 14
[Alex inserted the word "his" between "for" and "profane" in his read of the clue.]
(Nikki: Who is Carlin?)

(David) Mamet

NikkiAndrew
    $800 29
miso

Harris
    $800 9
Kate Spade

Nikki
    $800 4
whippersnapper

Nikki
    $1000 25
bituminous

Harris
    $1000 22
Savile Row

Nikki
    $1000 15
The Bad Seed

Nikki
    $1000 30
(Andrew: What is gazpacho?)

vichyssoise

HarrisAndrew
    $1000 10
gris-gris

Triple Stumper
    $1000 5
snapping turtle

Nikki

Scores at the first commercial break (after clue 15):

Harris Nikki Andrew
$1,000 $5,400 $800

Scores at the end of the Jeopardy! Round:

Harris Nikki Andrew
$5,000 $8,400 $400

Double Jeopardy! Round responses

THE CIVIL WAR
DON'T FORGET THE LYRICS!
"IN" SENSE
MAKE NO MYTHTAKE
ALSO A BIRD
THE ROYAL ONTARIO MUSEUM
(Alex: A visit to [*] in Toronto, Canada.)
    $400 21
(Alex: Might be a time for an intelligent guess.)

Fort Sumter

Triple Stumper
    $400 6
"Addicted To Love"

Andrew
    $400 11
the index finger

Harris
    $400 1
Odin

Andrew
    $400 16
parrot

Triple Stumper
    $400 26
(Nikki: Who is Nefertiti?)

Cleopatra

NikkiAndrew
    $800 22
the Stars and Bars

Andrew
    $800 7
"I Am The Walrus"

Andrew
    $800 12
(Andrew: What is infrared?)

incandescent

NikkiAndrew
    $800 2
Galahad

Andrew
    $800 17
crane

Andrew
    $800 27
(Andrew: What was the Triassic?)

the Cretaceous

Andrew
Triple Stumper
    $1200 23
Andersonville

Nikki
    $1200 8
"Super Freak"

Harris
    $1200 13
intoxicated

Andrew
    $1200 3
Crete

Andrew
    $1200 18
Wren

Nikki
    $1200 28
Edward VI

Triple Stumper
    $1600 24
Savannah

Nikki
    $1600 9
Eddie Murphy

Andrew
    $1600 14
incant (or intone)

Andrew
    $1600 4
Eurydice

Andrew
    $1600 19
hawk

Andrew
    $1600 29
Sitting Bull

Triple Stumper
    $3,000 25
(Nikki: What is...)
(Alex: Nothing?)

Roanoke Island

Nikki
    $2000 10
Yes

Andrew
    $2000 15
an indentured servant

Andrew
    $2000 5
[Applause for Andrew's run of the category]
(Alex: And congratulations, young man, you've just... run the whole category and moved into second place.)

Aeolus

Andrew
    $2,000 20
lark

Andrew
    $2000 30
(Alex: Ah, the Royal Ontario Museum is going to be very happy that their work has, uh, elicited so many correct responses. That was [*], of course, his death, the Battle of Plains of Abraham in Quebec City, and we're at the end of Double Jeopardy!)

General Wolfe

Triple Stumper

Scores at the end of the Double Jeopardy! Round:

Harris Nikki Andrew
$6,600 $9,800 $20,000
(lock game)

[wagering suggestions for these scores]

Final Jeopardy! Round responses

EUROPEAN LANDMARKS
(Alex: I don't think it's the lucky jacket. I think it's the lucky brain.)
(Andrew: Thank you, Alex.)
(Alex: It worked well for you today.)
HarrisWhat is the Brandenburg Gate?
$1,200
NikkiWhat is the Brandenberg Gate?
$9,800
AndrewWhat is ?
$213
the Brandenburg Gate

Final scores:

Harris Nikki Andrew
$7,800 $19,600 $19,787
3rd place: $1,000 2nd place: $2,000 New champion: $19,787

Game dynamics:

Coryat scores:

Harris Nikki Andrew
$6,600 $11,400 $20,000
11 R,
0 W
19 R
(including 1 DD),
5 W
(including 1 DD)
19 R
(including 1 DD),
3 W

Combined Coryat: $38,000

[game clues] [game scores] [suggest correction]

Game tape date: 2009-03-03
The J! Archive is created by fans, for fans. Scraping, republication, monetization, and malicious use prohibited; this site may use cookies and collect identifying information. See terms. The Jeopardy! game show and all elements thereof, including but not limited to copyright and trademark thereto, are the property of Jeopardy Productions, Inc. and are protected under law. This website is not affiliated with, sponsored by, or operated by Jeopardy Productions, Inc. Join the discussion at JBoard.tv.